<?xml version="1.0" encoding="UTF-8"?>
<record
    xmlns:xsi="http://www.w3.org/2001/XMLSchema-instance"
    xsi:schemaLocation="http://www.loc.gov/MARC21/slim http://www.loc.gov/standards/marcxml/schema/MARC21slim.xsd"
    xmlns="http://www.loc.gov/MARC21/slim">

  <leader>00732nam a2200205 a 4500</leader>
  <controlfield tag="001">1195</controlfield>
  <controlfield tag="003">CDMR</controlfield>
  <controlfield tag="005">20131010171201.0</controlfield>
  <controlfield tag="008">130130s1997||||sp |||||||||||||||||cat|d</controlfield>
  <datafield tag="020" ind1=" " ind2=" ">
    <subfield code="a">8449008549</subfield>
  </datafield>
  <datafield tag="040" ind1=" " ind2=" ">
    <subfield code="a">CDMR</subfield>
    <subfield code="b">cat</subfield>
    <subfield code="c">CDMR</subfield>
  </datafield>
  <datafield tag="245" ind1=" " ind2=" ">
    <subfield code="a">Dotze treballs d'hist&#xF2;ria de la premsa al Vall&#xE8;s Occidental</subfield>
    <subfield code="c">Josep M. Figueres (ed.) ; &#xC0;ngel Ac&#xED;n ...[et al.]</subfield>
  </datafield>
  <datafield tag="260" ind1=" " ind2=" ">
    <subfield code="a">Bellaterra</subfield>
    <subfield code="b">Universitat Aut&#xF2;noma de Barcelona. Servei de Publicacions</subfield>
    <subfield code="c">1997</subfield>
  </datafield>
  <datafield tag="490" ind1="0" ind2=" ">
    <subfield code="a">Documents</subfield>
  </datafield>
  <datafield tag="650" ind1="0" ind2="4">
    <subfield code="9">1524</subfield>
    <subfield code="a">Premsa</subfield>
    <subfield code="x">Hist&#xF2;ria</subfield>
    <subfield code="z">Catalunya</subfield>
    <subfield code="v">Recull d'escrits</subfield>
  </datafield>
  <datafield tag="650" ind1="0" ind2="4">
    <subfield code="9">3717</subfield>
    <subfield code="a">Premsa comarcal</subfield>
    <subfield code="z">Catalunya</subfield>
  </datafield>
  <datafield tag="700" ind1="1" ind2=" ">
    <subfield code="9">13</subfield>
    <subfield code="a">Figueres i Artigues, Josep Maria</subfield>
    <subfield code="e">ed.</subfield>
  </datafield>
  <datafield tag="700" ind1="1" ind2=" ">
    <subfield code="9">3556</subfield>
    <subfield code="a">Ac&#xED;n Calvo, &#xC0;ngel Luis</subfield>
    <subfield code="d">1972-</subfield>
  </datafield>
  <datafield tag="942" ind1=" " ind2=" ">
    <subfield code="c">MON</subfield>
    <subfield code="2">udc</subfield>
  </datafield>
  <datafield tag="999" ind1=" " ind2=" ">
    <subfield code="c">1195</subfield>
    <subfield code="d">1195</subfield>
  </datafield>
  <datafield tag="952" ind1=" " ind2=" ">
    <subfield code="0">0</subfield>
    <subfield code="1">0</subfield>
    <subfield code="4">0</subfield>
    <subfield code="7">0</subfield>
    <subfield code="a">CDMR</subfield>
    <subfield code="b">CDMR</subfield>
    <subfield code="d">2013-01-16</subfield>
    <subfield code="l">0</subfield>
    <subfield code="o">Du 8/18</subfield>
    <subfield code="p">CDMR13056544G</subfield>
    <subfield code="r">2013-05-29</subfield>
    <subfield code="w">2013-05-29</subfield>
    <subfield code="y">MON</subfield>
  </datafield>
</record>
